Variation of atmospheric precipitation in the C.S.S.R. : with respect to precipitation changes in the European region /

Uložené v:
Podrobná bibliografia
Hlavný autor: Brázdil, Rudolf, 1951- (Author)
Médium: Kniha
Jazyk:English
Vydané: Brno : Univerzita J. E. Purkyně, 1986
Vydanie:1st ed.
Témy:
ISBN: (viaz.)
Fyzický popis: 169 s.
Tagy: Pridať tag
Žiadne tagy, Buďte prvý kto otaguje tento záznam!

MARC

LEADER 00000nam a2200000 a 4500
001 000278564
005 20061018135518.0
008 061018s1986 xr e 000 0 engo
020 |a (viaz.) 
040 |a SVKKK  |b slo  |c SVKKK  |e AACR2 
041 0 |a eng 
044 |a xr  |c CZ 
100 1 |a Brázdil, Rudolf,  |d 1951-  |4 aut 
245 1 0 |a Variation of atmospheric precipitation in the C.S.S.R. :  |b with respect to precipitation changes in the European region /  |c Rudolf Brázdil 
250 |a 1st ed. 
260 |a Brno :  |b Univerzita J. E. Purkyně,  |c 1986 
300 |a 169 s. 
655 7 |a príručky  |2 SVKKKPH 
998 |a BK 
090 |g SCKHL  |k Sklad Pribinova prízemie  |a IV.140013  |j 786807  |i B76781  |s Absenčne